Differential Algebra and Algebraic Groups /

Gespeichert in:
Bibliographische Detailangaben
1. Verfasser: Kolchin, E. R.
Format: Sách giấy
Sprache:English
Veröffentlicht: New York : Academic Press , 1973
Tags: Tag hinzufügen
Keine Tags, Fügen Sie den ersten Tag hinzu!
Thư viện lưu trữ: Thư viện Trường Đại học Đà Lạt
LEADER 00574nam a2200241 4500
001 DLU020011433
005 ##1/13/2000
041 # # |a eng 
082 # # |a 512.56  |b KO-E 
090 # # |a 512.56  |b KO-E 
100 # # |a Kolchin, E. R. 
245 # # |a Differential Algebra and Algebraic Groups /  |c Kolchin E. R. 
260 # # |a New York :  |b Academic Press ,  |c 1973 
300 # # |a X, 446 tr.;   |c 23 cm. 
992 # # |a 13000 
994 # # |a DLU 
900 # # |a False 
911 # # |a Administrator 
925 # # |a G 
926 # # |a A 
927 # # |a SH 
980 # # |a Thư viện Trường Đại học Đà Lạt